<?xml version="1.0" encoding="UTF-8"?>
<record
    xmlns:xsi="http://www.w3.org/2001/XMLSchema-instance"
    xsi:schemaLocation="http://www.loc.gov/MARC21/slim http://www.loc.gov/standards/marcxml/schema/MARC21slim.xsd"
    xmlns="http://www.loc.gov/MARC21/slim">

  <leader>01579cam a22002775a 4500</leader>
  <datafield tag="999" ind1=" " ind2=" ">
    <subfield code="c">27403</subfield>
    <subfield code="d">27374</subfield>
  </datafield>
  <controlfield tag="001">19927654</controlfield>
  <controlfield tag="005">20190420133537.0</controlfield>
  <controlfield tag="008">170821t2018    nyua   frb    001 0 eng d</controlfield>
  <datafield tag="010" ind1=" " ind2=" ">
    <subfield code="a">  2017302572</subfield>
  </datafield>
  <datafield tag="020" ind1=" " ind2=" ">
    <subfield code="a">013446009X</subfield>
  </datafield>
  <datafield tag="020" ind1=" " ind2=" ">
    <subfield code="a">9780134460093</subfield>
  </datafield>
  <datafield tag="040" ind1=" " ind2=" ">
    <subfield code="a">DLC</subfield>
    <subfield code="b">eng</subfield>
    <subfield code="c">DLC</subfield>
    <subfield code="d">EG-ScBUE</subfield>
  </datafield>
  <datafield tag="082" ind1="0" ind2="4">
    <subfield code="a">621.395</subfield>
    <subfield code="b">WAK</subfield>
    <subfield code="2">22</subfield>
  </datafield>
  <datafield tag="100" ind1="1" ind2=" ">
    <subfield code="a">Wakerly, John F.</subfield>
  </datafield>
  <datafield tag="245" ind1="1" ind2="0">
    <subfield code="a">Digital design :</subfield>
    <subfield code="b">principles and practices /</subfield>
    <subfield code="c">John F. Wakerly.</subfield>
  </datafield>
  <datafield tag="250" ind1=" " ind2=" ">
    <subfield code="a">5th ed. with Verilog.</subfield>
  </datafield>
  <datafield tag="260" ind1=" " ind2=" ">
    <subfield code="a">Hoboken, N.J. :</subfield>
    <subfield code="b">Pearson Education,</subfield>
    <subfield code="c">c.2018.</subfield>
  </datafield>
  <datafield tag="300" ind1=" " ind2=" ">
    <subfield code="a">xxii, 890 p. :</subfield>
    <subfield code="b">ill. ;</subfield>
    <subfield code="c">25 cm.</subfield>
  </datafield>
  <datafield tag="504" ind1=" " ind2=" ">
    <subfield code="a">Includes bibliographical references and index.</subfield>
  </datafield>
  <datafield tag="520" ind1=" " ind2=" ">
    <subfield code="a">Establishing a solid foundation of digital design principles
An authoritative introduction to basic digital design, Digital Design: Principles and Practices helps readers build a foundational understanding of theoretical and engineering principles. This book gives readers the opportunity to learn the basics at the high level (HDLs), at the low level (electrical circuits), and throughout the &#x201C;vast middle&#x201D; (gates, flip-flops, and higher-level digital-design building blocks). The author&#x2019;s 30 years of experience in both industrial and university settings brings weight and credibility to the material, and with broad coverage of logic design practices, the 5th Edition gives readers a look at how digital design works in the real world.</subfield>
  </datafield>
  <datafield tag="650" ind1=" " ind2="7">
    <subfield code="a">Digital integrated circuits</subfield>
    <subfield code="x">Design and construction.</subfield>
    <subfield code="2">BUEsh</subfield>
  </datafield>
  <datafield tag="651" ind1=" " ind2=" ">
    <subfield code="2">BUEsh</subfield>
  </datafield>
  <datafield tag="653" ind1=" " ind2=" ">
    <subfield code="b">ENGELC</subfield>
    <subfield code="c">April2019</subfield>
  </datafield>
  <datafield tag="655" ind1=" " ind2=" ">
    <subfield code="v">Text book</subfield>
  </datafield>
  <datafield tag="942" ind1=" " ind2=" ">
    <subfield code="2">ddc</subfield>
  </datafield>
  <datafield tag="952" ind1=" " ind2=" ">
    <subfield code="0">0</subfield>
    <subfield code="1">0</subfield>
    <subfield code="2">ddc</subfield>
    <subfield code="4">0</subfield>
    <subfield code="7">0</subfield>
    <subfield code="8">Baccah</subfield>
    <subfield code="a">MAIN</subfield>
    <subfield code="b">MAIN</subfield>
    <subfield code="c">1ST</subfield>
    <subfield code="d">2019-04-20</subfield>
    <subfield code="e">Purchase</subfield>
    <subfield code="g">3750.00</subfield>
    <subfield code="l">0</subfield>
    <subfield code="o">621.395 WAK</subfield>
    <subfield code="p">000044614</subfield>
    <subfield code="r">2025-07-15 00:00:00</subfield>
    <subfield code="v">4687.50</subfield>
    <subfield code="y">NB</subfield>
  </datafield>
</record>
